Mobile Communications (Record no. 5765)
[ view plain ]
| 000 -LEADER | |
|---|---|
| fixed length control field | 00309nam a2200133Ia 4500 |
| 008 - FIXED-LENGTH DATA ELEMENTS--GENERAL INFORMATION | |
| fixed length control field | 191201s2013 xx 000 0 und d |
| 100 ## - MAIN ENTRY--PERSONAL NAME | |
| Personal name | SCHILLER, Jochen |
| 245 #0 - TITLE STATEMENT | |
| Title | Mobile Communications |
| 250 ## - EDITION STATEMENT | |
| Edition statement | IMP |
| 260 ## - PUBLICATION, DISTRIBUTION, ETC. (IMPRINT) | |
| Place of publication, distribution, etc | N. Delhi |
| Name of publisher, distributor, etc | Pearson |
| Date of publication, distribution, etc | 2013 |
| 300 ## - PHYSICAL DESCRIPTION | |
| Extent | 492 |
| 650 ## - SUBJECT ADDED ENTRY--TOPICAL TERM | |
| Topical term or geographic name as entry element | M.Tech(CSE) |
| 942 ## - ADDED ENTRY ELEMENTS (KOHA) | |
| Source of classification or shelving scheme | Dewey Decimal Classification |
| Koha item type | Text Books |
| Withdrawn status | Lost status | Source of classification or shelving scheme | Damaged status | Not for loan | Collection code | Home library | Current library | Date acquired | Cost, normal purchase price | Bill Number | Total Checkouts | Full call number | Acc. no. / Barcode | Date last seen | Bill Date | Koha item type | Date last borrowed | Public note |
|---|---|---|---|---|---|---|---|---|---|---|---|---|---|---|---|---|---|---|
| Dewey Decimal Classification | B.Tech(CSE) | PIET C-LIBRARY | PIET C-LIBRARY | 30/08/2013 | 599.00 | 6471 | 621.38 SCM | 22801 | 04/12/2019 | 27/07/2013 | Reference Books | |||||||
| Dewey Decimal Classification | B.Tech(CSE) | PIET C-LIBRARY | PIET C-LIBRARY | 30/08/2013 | 599.00 | 6471 | 1 | 621.38 SCM | 22802 | 24/11/2022 | 27/07/2013 | Text Books | 05/02/2020 | |||||
| Dewey Decimal Classification | B.Tech(CSE) | PIET C-LIBRARY | PIET C-LIBRARY | 30/08/2013 | 599.00 | 6471 | 2 | 621.38 SCM | 22803 | 13/03/2025 | 27/07/2013 | Text Books | 21/01/2022 | . |